Vista normal Vista MARC

Entrada Corporate Name

Número de registros utilizados en: 1

001 - CONTROL NUMBER

  • control field: 9128

003 - CONTROL NUMBER IDENTIFIER

  • control field: OSt

005 - DATE AND TIME OF LATEST TRANSACTION

  • control field: 20200824154146.0

008 - FIXED-LENGTH DATA ELEMENTS

  • fixed length control field: 200824|| aca||aabn | a|a d

040 ## - CATALOGING SOURCE

  • Original cataloging agency: OSt
  • Transcribing agency: OSt

110 ## - HEADING--CORPORATE NAME

  • Corporate name or jurisdiction name as entry element: Cámara de Comercio de Bogotá.
  • Subordinate unit: Tribunal de Arbitramento

670 ## - SOURCE DATA FOUND

  • Source citation: Work cat.: (OSt)3952: Cámara de Comercio de Bogotá. Tribunal de Arbitramento, La conciliación en derecho : , 2008